000 00612nam a2200229Ia 4500
003 OSt
005 20221007072413.0
006 a|||||r|||| 00| 0
007 ta
008 221006b |||||||| |||| 00| 0 eng d
024 _a18,737
037 _cTextual
040 _aFLL
_cFLL
_beng
041 _2eng
_aeng
082 _aZ1:1:1, J0
100 _aLauterpacht H.
_9690594
245 0 _aInternational law and human rights
260 _aLondon
_bStevens and Sons Limited England
_c1950
300 _a475p
_ccm.
942 _hZ1:1:1, J0
_cTEXL
_2CC
999 _c1145987
_d1145987